Medea : voci /

Guardat en:
Dades bibliogràfiques
Autor principal: Wolf, Christa (Autor)
Altres autors: Chiarloni, Anna (Autor del postil·ló, colofó, etc.), Raja, Anita (Traductor)
Format: Llibre
Idioma:italià
Publicat: Roma : Edizioni e/o, 1996
Col·lecció:Dal mondo
Etiquetes: Afegir etiqueta
Sense etiquetes, Sigues el primer a etiquetar aquest registre!

MARC

LEADER 00000nam a22000007i 4500
001 IT\ICCU\LO1\0412769
003 ItRI
005 20260115231924.0
008 961015s1996 it |||||| ||||| |||||c
020 |a 8876412867 
040 |b ita  |c importazione bologna sebina 
041 7 |a ita  |2 ISO-639-2 
082 |a 833.914  |9 NARRATIVA TEDESCA. 1945-  |2 20 
100 1 |a Wolf, Christa  |0 IT\ICCU\CFIV\012106  |4 aut 
240 1 0 |a Medea  |3 IT\ICCU\LO1\0412770  |9 Wolf, Christa 
245 1 0 |a Medea :  |b voci /  |c Christa Wolf ; traduzione dal tedesco di Anita Raja ; postfazione di Anna Chiarloni. 
246 1 3 |a Medea. Voci / Christa Wolf.  |9 IT\ICCU\UBO\0263142 
260 |a Roma :  |b Edizioni e/o,  |c 1996 
300 |a 243 p. ;  |c 21 cm. 
700 1 |a Chiarloni, Anna  |0 IT\ICCU\CFIV\057283  |4 aft 
700 1 |a Raja, Anita  |0 IT\ICCU\CFIV\012107  |4 trl 
790 1 |a Chiarloni Pegoraro, Anna  |3 IT\ICCU\SBNV\004394  |z Chiarloni, Anna 
790 1 |a Ihlenfeld, Christa  |3 IT\ICCU\SBNV\098413  |z Wolf, Christa 
790 1 |a Pegoraro Chiarloni, Anna  |3 IT\ICCU\SBNV\004392  |z Chiarloni, Anna 
790 1 |a Pegoraro, Anna  |3 IT\ICCU\SBNV\004393  |z Chiarloni, Anna 
830 0 |a Dal mondo  |0 IT\ICCU\LO1\0350203 
942 |2 ddc  |c BK  |n 0 
952 |0 0  |1 0  |4 0  |6 DOC_833_000000000000000_WOL  |7 0  |9 16630  |a BO  |b BO  |d 2026-01-15  |i 14137  |l 0  |o DOC 833 WOL  |p BO14137  |r 2026-01-15 23:19:24  |w 2026-01-15  |x [Sebina 5] [1 v.]  |y BK  |z 1 v. 
952 |0 0  |1 0  |4 0  |6 DOC_833_000000000000000_WOL  |7 0  |9 16631  |a BO  |b BO  |d 2026-01-15  |i 3748  |l 0  |o DOC 833 WOL  |p BO3748  |r 2026-01-15 23:19:24  |w 2026-01-15  |x [Sebina 5] [1 v.]  |y BK  |z 1 v. 
999 |c 14230  |d 14230